| 000 | 00642nam a2200133Ia 4500 | ||
|---|---|---|---|
| 008 | 160809s9999 xx 000 0 und d | ||
| 100 | _aCasey, Pat. | ||
| 245 | _aI ONLY WISH I´D KNOWN: VOICES OF NOVICE ALTERNATIVELY CERTIFIED SPECIAL EDUCATION TEACHERS | ||
| 245 | _cPat Casey, Karen Dunlap, Heather Brister, Michele Davidson University of Texas at Arlington, Texas Woman´s University, Prosper Independent School District, Plano Independent School District. | ||
| 260 | _bInternational Journal of Special Education | ||
| 260 | _c2011 | ||
| 650 | _xSPECIAL EDUCATION | ||
| 856 | _uhttp://www.internationaljournalofspecialed.com/issues.php | ||
| 999 |
_c300474 _d300474 |
||